Quizlendrier de l'Avent #14 - Films de Noël - Statistiques

Statistiques générales
  • Ce quiz a été pris 637 fois
  • Le résultat moyen est 7 sur 12
Statistiques - réponses
Films % Correct
Le Père Noël est une {ordure}
98%
Maman j'ai {raté} {l'avion}
94%
Casse-{Noisette} et les Quatre Royaumes
88%
L'étrange Noël de {Monsieur} {Jack}
85%
Last {Christmas}
79%
Les {cinq} légendes
68%
Le {Pôle} Express
65%
Super {Noël}
50%
{Santa} et Cie
36%
Le drôle de Noël de {Scrooge}
26%
L'{Apprenti} Père Noël
17%
Un {conte} de Noël
9%
Aucun quiz correspondant
Distribution des résultats
% des personnes avec chaque résultat
Percentile par nombre de réponses
Votre historique - résultats
Vous n’avez pas pris ce quiz